Southville International School and Colleges
Your cart is empty.
  • Cart
  • Lists
    Public lists Eva Luna New books Lux_list list_1
    Your lists Log in to create your own lists
  • Log in to your account
  • Your cookies
  • Search history
Southville International School and Colleges
  • Advanced search
  • Recent comments
  • Most popular
  • Libraries

Log in to your account

Log in with GOOGLE


If you do not have an external account, but do have a local account, you can still log in:

  1. Home
  2. MARC view: The basics of social research ./
Normal view MARC view ISBD view

The basics of social research ./ (Record no. 20839)

[ view plain ]
MARC details
000 -LEADER
fixed length control field 00541nam a2200193 a 4500
005 - DATE AND TIME OF LATEST TRANSACTION
control field 20140310183255.0
008 - FIXED-LENGTH DATA ELEMENTS--GENERAL INFORMATION
fixed length control field 041022s19uu xx 00 eng d
020 ## - INTERNATIONAL STANDARD BOOK NUMBER
International Standard Book Number 0534519040
050 ## - LIBRARY OF CONGRESS CALL NUMBER
Classification number H 62
Item number .B18 2002
100 ## - MAIN ENTRY--PERSONAL NAME
Personal name Babbie, Earl
245 ## - TITLE STATEMENT
Title The basics of social research ./
Statement of responsibility, etc Babbie, Earl
250 ## - EDITION STATEMENT
Edition statement 2nd ed.
260 ## - PUBLICATION, DISTRIBUTION, ETC. (IMPRINT)
Place of publication, distribution, etc Australia :
Name of publisher, distributor, etc WadsWorth,
Date of publication, distribution, etc 2002.
300 ## - PHYSICAL DESCRIPTION
Extent 460 p. :
Other physical details ill. ;
Dimensions 24 cm.
650 ## - SUBJECT ADDED ENTRY--TOPICAL TERM
Topical term or geographic name as entry element Social sciences
General subdivision Research.
650 ## - SUBJECT ADDED ENTRY--TOPICAL TERM
Topical term or geographic name as entry element Social sciences
General subdivision Methodology.
942 ## - ADDED ENTRY ELEMENTS (KOHA)
Koha item type Books
Source of classification or shelving scheme Library of Congress Classification
Call number prefix Foreign
Holdings
Withdrawn status Lost status Source of classification or shelving scheme Damaged status Home library Current library Shelving location Date acquired Source of acquisition Total Checkouts Full call number Barcode Date last seen Copy number Price effective from Koha item type
    Library of Congress Classification   College Library College Library General Circulation Section 10/22/2004     H 62 .B18 2002 C5434 05/15/2018 1 10/10/2013 Books

The basics of social research ./

APA

Babbie E., . (2002). The basics of social research. Australia: WadsWorth.

Chicago

Babbie Earl, . 2002. The basics of social research. Australia: WadsWorth.

Harvard

Babbie E., . (2002). The basics of social research. Australia: WadsWorth.

MLA

Babbie Earl, . The basics of social research. Australia: WadsWorth. 2002.

  • Place hold
  • Print
  • Cite
  • Add to your cart (remove)
  • Save record
    BIBTEX Dublin Core MARCXML MARC (non-Unicode/MARC-8) MARC (Unicode/UTF-8) MARC (Unicode/UTF-8, Standard) MODS (XML) RIS
  • More searches
    Search for this title in:
    Other Libraries (WorldCat) Other Databases (Google Scholar) Online Stores (Bookfinder.com) Open Library (openlibrary.org)

Exporting to Dublin Core...

SOUTHVILLE LIBRARY

Southville International School and Colleges Library

1281 Tropical Ave. Cor. Luxembourg St., BF Homes International, Las Pinas City

Tel. No. 8256374 / 252358 Loc. 117/146

Powered by Koha